000
00322 a2200145 4500
001
168255
020
_a
040
_c
Magnum
100
_a
Bienfait, Marcel
240
1
0
_a
Os desequilibrios estaticos
_l
por
245
1
0
_a
Os desequilibrios estaticos
362
0
_a
1899
697
_a
CIENCIAS MEDICAS SAUDE
942
_c
BK
999
_c
168255
_d
168255